Origin of Lai and their language / (Record no. 10279)
[ view plain ]
| 000 -LEADER | |
|---|---|
| fixed length control field | 01579cam a2200397 i 4500 |
| 001 - CONTROL NUMBER | |
| control field | 20405513 |
| 003 - CONTROL NUMBER IDENTIFIER | |
| control field | GBCCL |
| 005 - DATE AND TIME OF LATEST TRANSACTION | |
| control field | 20241126110729.0 |
| 008 - FIXED-LENGTH DATA ELEMENTS--GENERAL INFORMATION | |
| fixed length control field | 180313s2017 ii b 100 0 eng |
| 010 ## - | |
| -- | 2017351133 |
| 020 ## - INTERNATIONAL STANDARD BOOK NUMBER | |
| International Standard Book Number | 9788126053797 |
| 025 ## - OVERSEAS ACQUISITION NUMBER | |
| Overseas acquisition number | I-E-2017351133; 23-92; 68-92 |
| 037 ## - SOURCE OF ACQUISITION | |
| Source of stock number/acquisition | Library of Congress -- New Delhi Overseas Office |
| 040 ## - CATALOGING SOURCE | |
| Original cataloging agency | DLC |
| Language of cataloging | eng |
| Description conventions | rda |
| Transcribing agency | DLC |
| Modifying agency | DLC |
| 042 ## - | |
| -- | lcode |
| -- | pcc |
| 043 ## - | |
| -- | a-ii--- |
| 050 00 - | |
| -- | DS528.2.C45 |
| -- | O75 2017 |
| 082 ## - DEWEY DECIMAL CLASSIFICATION NUMBER | |
| Classification number | 954.166 |
| Item number | ORI |
| 111 2# - | |
| -- | Origin of Lai and Their Language (Seminar) |
| -- | (2011 : |
| -- | Aijal, India), |
| -- | author. |
| -- | 17868 |
| 245 10 - TITLE STATEMENT | |
| Title | Origin of Lai and their language / |
| Statement of responsibility, etc. | edited by Lalthangfala Sailo, Lalchhuanmawia Sailo. |
| 264 #1 - PRODUCTION, PUBLICATION, DISTRIBUTION, MANUFACTURE, AND COPYRIGHT NOTICE | |
| Place of production, publication, distribution, manufacture | New Delhi : |
| Name of producer, publisher, distributor, manufacturer | Sahitya Akademi, |
| Date of production, publication, distribution, manufacture, or copyright notice | 2017. |
| 300 ## - PHYSICAL DESCRIPTION | |
| Extent | vi, 99 pages ; |
| Dimensions | 22 cm |
| 336 ## - CONTENT TYPE | |
| Content type term | text |
| Content type code | txt |
| Source | rdacontent |
| 337 ## - MEDIA TYPE | |
| Media type term | unmediated |
| Media type code | n |
| Source | rdamedia |
| 338 ## - CARRIER TYPE | |
| Carrier type term | volume |
| Carrier type code | nc |
| Source | rdacarrier |
| 500 ## - GENERAL NOTE | |
| General note | Contributed articles presented at a seminar on Origin of Lai and Their Language, held on March 3, 2011, at Aizawl. |
| 504 ## - BIBLIOGRAPHY, ETC. NOTE | |
| Bibliography, etc. note | Includes bibliographical references. |
| 650 #0 - SUBJECT ADDED ENTRY--TOPICAL TERM | |
| Topical term or geographic name entry element | Chin (Southeast Asian people) |
| General subdivision | History. |
| 9 (RLIN) | 17869 |
| 650 #0 - SUBJECT ADDED ENTRY--TOPICAL TERM | |
| Topical term or geographic name entry element | Haka Chin language |
| Geographic subdivision | India |
| General subdivision | History and criticism. |
| 9 (RLIN) | 17870 |
| 700 1# - ADDED ENTRY--PERSONAL NAME | |
| Personal name | Sailo, Lalthangfala, |
| Relator term | editor. |
| 9 (RLIN) | 17871 |
| 700 1# - ADDED ENTRY--PERSONAL NAME | |
| Personal name | Sailo, Lalchhuanmawia, |
| Relator term | editor. |
| 9 (RLIN) | 17872 |
| 710 2# - ADDED ENTRY--CORPORATE NAME | |
| Corporate name or jurisdiction name as entry element | Sahitya Akademi, |
| Relator term | publisher, |
| -- | copyright holder. |
| 9 (RLIN) | 17873 |
| 906 ## - LOCAL DATA ELEMENT F, LDF (RLIN) | |
| a | 7 |
| b | cbc |
| c | origode |
| d | 3 |
| e | ncip |
| f | 20 |
| g | y-gencatlg |
| 942 ## - ADDED ENTRY ELEMENTS (KOHA) | |
| Source of classification or shelving scheme | Dewey Decimal Classification |
| Koha item type | Books |
| Withdrawn status | Lost status | Source of classification or shelving scheme | Damaged status | Not for loan | Home library | Current Library | Shelving location | Date acquired | Total checkouts | Full call number | Barcode | Date last seen | Copy number | Price effective from | Koha item type |
|---|---|---|---|---|---|---|---|---|---|---|---|---|---|---|---|
| Dewey Decimal Classification | GRACE BIBLE COLLEGE | GRACE BIBLE COLLEGE | North East Collection | 2024-05-13 | 954.166 ORI | 020718 | 2025-05-01 | c.1 | 2024-05-13 | Books |